Statistics for Premier League 2022/23 Players by Name - W

Click here to take the quiz!

General Stats

  • This quiz has been taken 36 times
  • The average score is 18 of 26

Answer Stats

ClubNationPositionPlayer% Correct
Manchester CityEnglandDFKyle Walker
97%
Manchester UnitedEnglandDFBrandon Williams
90%
Leicester CityWalesGKDanny Ward
90%
Crystal PalaceEnglandDFJoel Ward
90%
Nottingham ForestWalesDFNeco Williams
90%
LiverpoolEnglandDFRhys Williams
90%
Manchester UnitedEnglandDFAaron Wan-Bissaka
86%
ArsenalEnglandDFBen White
86%
Newcastle UnitedEnglandFWCallum Wilson
86%
FulhamWalesMFHarry Wilson
86%
SouthamptonEnglandMFJames Ward-Prowse
83%
SouthamptonEnglandDFKyle Walker-Peters
79%
FulhamBrazilFWWillian
79%
Manchester UnitedNetherlandsFWWout Weghorst
79%
Nottingham ForestNew ZealandFWChris Wood
76%
Aston VillaEnglandFWOllie Watkins
76%
Brighton & Hove AlbionEnglandFWDanny Welbeck
72%
BrentfordDR CongoFWYoane Wissa
62%
Brighton & Hove AlbionEnglandDFAdam Webster
55%
Newcastle UnitedEnglandMFJoe Willock
55%
Leeds UnitedAustriaDFMax Wober
52%
SouthamptonEnglandFWTheo Walcott
52%
Nottingham ForestEnglandDFJoe Worrall
38%
Tottenham HotspurEnglandGKAlfie Whiteman
34%
Crystal PalaceEnglandGKJoe Whitworth
21%
Crystal PalaceEnglandMFJack Wells-Morrison
3%

Score Distribution

Percentile by Number Answered

Percent of People with Each Score

Your Score History

You have not taken this quiz